Seulement 20 Pays Sur la Carte du Monde #5 - Statistiques

Statistiques générales
  • Ce quiz a été pris 323 fois
  • Le résultat moyen est 18 sur 20
Réponses sur la Carte
Les réponses sont colorées sur une échelle allant du rouge au vert en fonction du pourcentage des utilisateurs qui les ont devinées à leur premier essai. Vous pouvez retrouver ces pourcentages ci-dessous.
 
Statistiques - réponses
Pays % Correct
Algérie
98%
Espagne
98%
Danemark
97%
Indonésie
97%
Norvège
97%
Venezuela
96%
Mauritanie
93%
Iran
91%
Laos
91%
Suriname
90%
Birmanie
88%
Mozambique
88%
Oman
88%
Angola
87%
Haïti
87%
Guinée
86%
Roumanie
85%
République dominicaine
84%
Nicaragua
83%
Serbie
81%
Aucun quiz correspondant
Distribution des résultats
% des personnes avec chaque résultat
Percentile par nombre de réponses
Votre historique - résultats
Vous n’avez pas pris ce quiz